LEADER 02180nam a2200325 u 4500 001 000000001250 003 CaOOAMICUS 005 20070226104307.0 008 940606m19679999gw u000 u ger u 035 $a10028297 040 $aPUL(R)$bita 245 00$aBibliographie zur alteuropäischen Religiongeschichte :$bliteratur zu den antiken Rand- und Nachfolgekulturen im aussermediterranen Europa unter besonderer Berücksichtigung der nichtchristlichen Religionen. 260 $aBerlin :$bW. De Gruyter,$c1967-<1985 >. 300 $a<1-5 > ;$c28 cm 490 1 $aArbeiten für Frühmittelalterforschung ;$vBd. 2, 5, 16 500 $aI volumi 2 e 3 hanno il seguente sottotitolo: Eine interdisziplinäre Auswahl von Literatur zu den Rand- und Nachfolgekulturen der Antike in Europa unter besonderer Berücksichtigung der nichtchristlichen Religionen. 505 1 $aBd. 1. 1954-1964 / P. Bucholz. -- Bd. 2. 1965-1969 / J. Ahrendts -- Bd. 3. 1970-1975 / bearbeitet v. Wilfried Flüchter ; unter Mitwirkung von Thomas Wefelmeyer . 650 4$aReligioni$xStoria.$0(OLS)http://pul/subject/130 651 4$aEuropa$xReligione$xStoria.$0(OLS)http://pul/subject/1379 700 1 $aBucholz, Peter.$0(OLS)http://pul/name/1403 700 1 $aWefelmeyer, Thomas.$0(OLS)http://pul/name/1406 700 1 $aFlüchter, Wilfried.$0(OLS)http://pul/name/1405 700 1 $aAhrendts, Jürgen.$0(OLS)http://pul/name/1404 830 0$aArbeiten für Frühmittelalterforschung ;$vBd. 2, 5, 16.$0(OLS)http://pul/title/1848 850 $aPUL 852 $aPUL$W1$xSL Religione 1$y3$m70 A 113-114$j1609$nBK-PRI$b $qStampati$B1609$CPULBib$Z2$F1609 $H $81 852 $aPUL$W1$xDP1 Cons. Gen., Altre Classi 1$y22$m473 D 17$j1610$nBK-PRI$b $qStampati$B1610$CPULBib$Z2$F1610 $H53302 $81 941 1 $a8 996 $6245$aBibliographie zur alteuropäischen Religiongeschichte :$bliteratur zu den antiken Rand- und Nachfolgekulturen im aussermediterranen Europa unter besonderer Berücksichtigung der nichtchristlichen Religionen$9(OLS)http://pul/title/1847 996 $6260$aBerlin :$bW. De Gruyter$9(OLS)http://pul/publisher/47865 LEADER 01317nam a2200313 u 4500 001 000000057043 003 CaOOAMICUS 005 20070226120535.0 008 010426s1994 it u000 u ita u 020 $a8841780096 035 $a10886617 040 $aPUL(R)$bita 041 1 $aita$heng 100 1 $aHausman, Daniel M.$0(OLS)http://pul/name/39929 240 10$aEconomics, Rationality and Ethics.$lItaliano.$0(OLS)http://pul/title/76331 245 10$aEconomia razionalità ed etica /$cD.M. Hausman ; M.S. McPherson ; traduzione dall'inglese di Valeria Ottonelli. 260 $aMilano :$bAnabasi,$cc1993. 300 $a55 p. ;$c19 cm 504 $aNote bibliografiche. 650 4$aEconomia.$0(OLS)http://pul/subject/1893 650 4$aEtica.$0(OLS)http://pul/subject/547 700 1 $aOttonelli, Valeria,$d1968-$0(OLS)http://pul/name/39931 700 1 $aMcPherson, Michael S.$0(OLS)http://pul/name/39930 850 $aPUL 852 $aPUL$W1$xDP1 Altre Collocazioni$y17$mSenza collocazione$j12$nBK-PRI$b $qStampati$B74707$CPULBib$Z2$F74707 $H $81 941 1 $a8 996 $6020$a8841780096$9(OLS)http://pul/number/72021 996 $6245$aEconomia razionalità ed etica$9(OLS)http://pul/title/76332 996 $6260$aMilano :$bAnabasi$9(OLS)http://pul/publisher/69361 LEADER 01345nam a2200313 a 4500 001 000000164288 003 CaOOAMICUS 005 20171117105827.0 008 171117s2017 it u000 u ita r 020 $a978-88-14-21633-6* 032 $aLibriCat 040 $aPUL$bita 082 04$a348.4505 100 1 $aMarinucci, Giorgio,$d1934-$0(OLS)http://pul/name/64929 245 10$aManuale di diritto penale :$bparte generale /$cGiorgio Marinucci, Emilio Dolcini. 250 $a6. ed. aggiornata da Emilio Dolcini e Gian Luigi Gatta. 260 $aMilano :$bGiuffrè,$c2017. 300 $aXXII, 840 p. ;$c24 cm. 650 4$aDiritto penale$zItalia$vManuali.$0(OLS)http://pul/subject/8081 700 1 $aDolcini, Emilio,$d1946-$0(OLS)http://pul/name/64928 700 1 $aGatta, Gian Luigi,$d1975-$0(OLS)http://pul/name/73510 850 $aPUL 852 $aPUL$W1$xDP2 Diritto e Scienze Sociali 3$y110$m345. 4505 MARGI 2$j188411$qDDC 21$B191573$CPULBib$Z2$F191573 $H130190 $81 941 1 $a9 996 $6020$a978-88-14-21633-6*$9(OLS)http://pul/number/163277 996 $6082$a348.4505$9(OLS)http://pul/classification/3091 996 $6245$aManuale di diritto penale :$bparte generale$9(OLS)http://pul/title/140353 996 $6260$aMilano :$bGiuffrè$9(OLS)http://pul/publisher/48401